000 01094nam a22002177a 4500
999 _c61620
_d61620
003 Ge_BSU
005 20240401163211.0
008 240401s2023 ge ||||| |||| 00| 0 geo d
020 _a9789941358258
041 _ageo
080 _a821.133.1-32 ე-80
100 _aერნო, ანი
_921654
245 _a მოვლენა /
_cანი ერნო; ფრანგ. თარგმნა ვალერი ოთხოზორიამ; რედ. თეა ბარამაშვილი; ყდის დიზაინერი ნინი ბუკია
264 _aთბილისი :
_bპალიტრა L,
_c2023.
300 _a95 გვ.;
_b19 სმ.
653 _aმხატვრული ლიტერატურა
700 _aოთხოზორია, ვალერი
_eმთარგმნელი
_921655
700 _aბარამაშვილი, თეა
_eრედაქტორი
_921656
700 _aბუკია,ნინი
_eყდის დიზაინერი
_921657
942 _2udc
_cᲬᲘᲒᲜᲘ